As far as the stars (Record no. 63686)

MARC details
000 -LEADER
fixed length control field 00695nam a2200169 a 4500
008 - FIXED-LENGTH DATA ELEMENTS--GENERAL INFORMATION
fixed length control field 201117s2019 ||||||||||||||||| || u
020 ## - INTERNATIONAL STANDARD BOOK NUMBER
International Standard Book Number 9780008274504
050 ## - LIBRARY OF CONGRESS CALL NUMBER
Classification number PZ 7.R446
100 ## - MAIN ENTRY--PERSONAL NAME
Personal name Macgregor, Virginia
245 10 - TITLE STATEMENT
Title As far as the stars
Statement of responsibility, etc. By Virginia Macgregor
260 ## - PUBLICATION, DISTRIBUTION, ETC.
Place of publication, distribution, etc. London
Name of publisher, distributor, etc. HarperCollinsPublishers
Date of publication, distribution, etc. 2019
300 ## - PHYSICAL DESCRIPTION
Extent 439 pages
350 ## -
-- 49.57
650 ## - SUBJECT ADDED ENTRY--TOPICAL TERM
Topical term or geographic name entry element ENGLISH LANGUAGE
995 ## -
-- FICTION Collection
-- 750508
-- CBU-MAIN LIBRARY (Kitwe)
-- 49.57
-- PZ 7.R446
-- 2
-- AVAILABLE
-- Dec 10, 2020
-- 750508
-- Fiction Collection
995 ## -
-- FICTION Collection
-- 905214
-- CBU-SCHOOL OF MEDICINE LIBRARY (Ndola)
-- 49.57
-- PZ 7.R446
-- 1
-- AVAILABLE
-- Nov 30, 2020
-- 905214
-- Fiction Collection
999 ## -
-- 63686
-- 63686
Holdings
Withdrawn status Lost status Source of classification or shelving scheme Damaged status Not for loan Permanent Location Current Location Shelving location Date acquired Total Checkouts Full call number Barcode Date last seen Date last checked out Copy number Price effective from Koha item type
          CBU-MAIN LIBRARY, KITWE. CBU-MAIN LIBRARY, KITWE.   01/25/2023 2 PZ 7.R446 750508 01/21/2026 01/07/2026 1 01/25/2023 FICTON COLLECTON
          CBU-MAIN LIBRARY, KITWE. CBU-SCHOOL OF MEDICINE LIBRARY, NDOLA.   01/25/2023 2 PZ 7.R446 905214 05/14/2025 04/29/2025 2 01/25/2023 FICTON COLLECTON